| 000 | 00682nam a2200193Ia 4500 | ||
|---|---|---|---|
| 003 | GCL | ||
| 008 | 140319s9999 xx 000 0 ara d | ||
| 040 |
_aGCL / _cGCL |
||
| 082 | 0 | 4 |
_a810.8 _bا ص |
| 100 | 1 | _aابراهيم عبدالقادر المازنى | |
| 245 | 1 | 0 |
_aصندوق الدنيا / _cابراهيم عبدالقادر المازنى |
| 260 |
_aالقاهرة : _bالهيئة المصرية العامة للكتاب ، _c1995 |
||
| 300 |
_a184 ص ؛ _c19 سم |
||
| 490 |
_aمهرجان القراءة للجميع _v0 |
||
| 650 | 0 | 4 | _aالادب العربى |
| 650 | 0 | 4 | _aالقصة العربية |
| 650 | 0 | 4 | _aالقصة القصيرة |
| 942 |
_2ddc _cBK |
||
| 999 |
_c38650 _d38650 |
||